Olympischer Medaillenspiegel - München 1972 - Statistiken

Allgemein
  • Dieses Quiz wurde 27 mal gespielt
  • Das Durchschnittsergebnis liegt bei 8 aus 10
Antwortstatistiken
Gold Silber Bronze Gesamt Land % Korrekt
20 23 23 66 DDR
100%
33 31 30 94 Vereinigte Staaten
100%
13 11 16 40 Westdeutschland
100%
13 8 8 29 Japan
92%
50 27 22 99 Sowjetunion
92%
5 3 10 18 Italien
88%
4 5 9 18 Großbritannien
77%
7 5 9 21 Polen
65%
6 13 16 35 Ungarn
50%
6 10 5 21 Bulgarien
23%
Keine übereinstimmenden Quizze gefunden
Verteilung der Resultate
Anzahl Personen mit jedem Resultat
Perzentil nach korrekt beantworteten Fragen
Ihre Resultats-Entwicklung
Sie haben dieses Quiz noch nicht gespielt